Investment, procurement and performance in construction: proceeding of the first RICS research conference, held at the Barbican Centre, 10-11 January 1991... (Record no. 95476)
[ view plain ]
| 000 -LEADER | |
|---|---|
| fixed length control field | 02003cam a2200313 4500 |
| 008 - FIXED-LENGTH DATA ELEMENTS--GENERAL INFORMATION | |
| fixed length control field | 090401t1991 xxu||||| |||| 00| 0 eng d |
| 020 ## - INTERNATIONAL STANDARD BOOK NUMBER | |
| International Standard Book Number | 0419174001 |
| 035 ## - SYSTEM CONTROL NUMBER | |
| System control number | (Sirsi) u72043 |
| 041 ## - LANGUAGE CODE | |
| Language code of text/sound track or separate title | eng |
| 050 ## - LIBRARY OF CONGRESS CALL NUMBER | |
| Classification number | 332.6324 |
| 110 ## - MAIN ENTRY--CORPORATE NAME | |
| Corporate name or jurisdiction name as entry element | Royal Institution of Chartered Surveyors |
| 9 (RLIN) | 4900 |
| 245 ## - TITLE STATEMENT | |
| Title | Investment, procurement and performance in construction: proceeding of the first RICS research conference, held at the Barbican Centre, 10-11 January 1991... |
| 260 ## - PUBLICATION, DISTRIBUTION, ETC. | |
| Place of publication, distribution, etc. | London |
| Name of publisher, distributor, etc. | E.& F.N. Spon |
| Date of publication, distribution, etc. | 1991 |
| 300 ## - PHYSICAL DESCRIPTION | |
| Extent | ix,396p. : ill. ; 24cm. |
| 350 ## - PRICE (NR) (BK AM CF MU VM SE) [OBSOLETE] | |
| Price | 45 |
| 520 ## - SUMMARY, ETC. | |
| Summary, etc. | Papers: Vehicles for property investment/ VENMORE-ROWLAND, P.- New methods of financing/ BEVERIDGE, J.A.- Methods of portfolio analysis/ GODSON, VIDA - Property indexes/ BROWN, GERALD R. - Problems of forecasting rental growth at the local level/ McNAMARA, P.F.-Single asset risk/ WALDY, E.B.D. - Property portfolio risk/ MACGREGOR, B.D. - Property as a global asset/ BAUM, ANDREW E. - Computer aided design: research needs in quantity surveying and construction management/ ATKIN, B.L. - Modelling and expert systems in property and construction/ BRANDON, P.S.- Multi-media informing technologies to support building design and construction professionals/ POWELL, J.A. - Procurement and construction management/ YATES, ALAN - Construction management: delivery and discipline/ CORNICK, TIM - Construction management: the way forward/ CUSACK, M.M.-Risk/ CHAPMAN, C.B. - Which estimating techniques/ SKITMORE, MARTIN - Fscilities management/ SPEDDING, ALAN - Building maintenance policy: nebulous nev |
| 650 ## - SUBJECT ADDED ENTRY--TOPICAL TERM | |
| Topical term or geographic name entry element | BUILDING INDUSTRY |
| 650 ## - SUBJECT ADDED ENTRY--TOPICAL TERM | |
| Topical term or geographic name entry element | CONFERENCES |
| 650 ## - SUBJECT ADDED ENTRY--TOPICAL TERM | |
| Topical term or geographic name entry element | MANAGEMENT-BUSINESS MANAGEMENT-INFORMATION MANAGEMENT |
| 650 ## - SUBJECT ADDED ENTRY--TOPICAL TERM | |
| Topical term or geographic name entry element | MANAGEMENT |
| 650 ## - SUBJECT ADDED ENTRY--TOPICAL TERM | |
| Topical term or geographic name entry element | Procurement-old |
| 650 ## - SUBJECT ADDED ENTRY--TOPICAL TERM | |
| Topical term or geographic name entry element | PROPERTY FINANCE |
| 650 ## - SUBJECT ADDED ENTRY--TOPICAL TERM | |
| Topical term or geographic name entry element | PROPERTY INVESTMENT |
| 650 ## - SUBJECT ADDED ENTRY--TOPICAL TERM | |
| Topical term or geographic name entry element | RISK |
| 690 ## - LOCAL SUBJECT ADDED ENTRY--TOPICAL TERM (OCLC, RLIN) | |
| Topical term or geographic name as entry element | BUILT ENVIRONMENT |
| 700 ## - ADDED ENTRY--PERSONAL NAME | |
| Personal name | Venmore-Rowland, Piers Brandon, Peter Mole, Trevor, |
| International Standard Serial Number | Editor |
| 942 ## - ADDED ENTRY ELEMENTS (KOHA) | |
| Suppress in OPAC | 0 |
| 948 ## - LOCAL PROCESSING INFORMATION (OCLC); SERIES PART DESIGNATOR (RLIN) | |
| c (OCLC) | 04/03/1997 |
| Withdrawn status | Lost status | Source of classification or shelving scheme | Damaged status | Not for loan | Home library | Current library | Shelving location | Date acquired | Cost, normal purchase price | Total Checkouts | Full call number | Barcode | Date last seen | Copy number | Cost, replacement price | Price effective from | Koha item type | Date last checked out |
|---|---|---|---|---|---|---|---|---|---|---|---|---|---|---|---|---|---|---|
| Dewey Decimal Classification | London | London | Basement | 30/01/1992 | 45.00 | 332.6324 | 30025530 | 06/08/2019 | 1 | 45.00 | 06/08/2019 | Reference material | ||||||
| Missing | London | London | Missing | 06/09/1991 | 45.00 | 332.6324 | 30026849 | 06/08/2019 | 3 | 45.00 | 06/08/2019 | Book | ||||||
| Dewey Decimal Classification | London | London | Basement | 10/03/1993 | 45.00 | 17 | 332.6324 | 30038208 | 06/08/2019 | 4 | 45.00 | 06/08/2019 | Book | 16/05/2008 |